000 01066nam a22002537a 4500
005 20170124103027.0
010 _a704735
020 _c6.00
035 _a704735
037 _bCen Lib/Ret
040 _aDPL
_bHN
082 _a
_bशुक्लसु
100 _aशुक्ल, सुरेशचन्द्र
_9130
245 _aबिना पंख की सारिका :
_cसुरेशचन्द्र शुक्ल
_bमनोवैज्ञानिक उपन्यास /
246 _aBina pankh ki sarika : manovaigyanik upanyas /
_bby Sureshchandra Shukla
260 _aकानपूर
_bइड़ा प्रकाशन
270 _bकानपूर
_a२५७/1, बाबु पुरवा कालोनी
300 _a128पृ.
_c17सेमी(सजिल्द)
650 _aहिन्दी साहित्य
_962584
650 _aउपन्यास
_962585
650 _aHindi literature
_962586
650 _aFiction
_98901
942 _2ddc
_cHN
_h
_mशुक्लसु
999 _c115658
_d115658